Shaun, Shawn, or Sean? - Statistics

General Stats
  • This quiz has been taken 53 times
  • The average score is 13 of 19
Answer Stats
Hint Answer % Correct
(1930–2020) Bond actor ____ Connery Sean/Seann
90%
(1960–) Mystic River actor ____ Penn Sean/Seann
86%
(1998–) Singer ____ Mendes Shawn
82%
(1975–) Son of John: ____ Lennon Sean/Seann
80%
(1969–) Puff Daddy: ____ Combs Sean/Seann
78%
(1959–) Game of Thrones actor ____ Bean Sean/Seann
78%
(1988–) Rapper Big ____ Sean/Seann
76%
(1971–) LOTR and Goonies actor ____ Astin Sean/Seann
75%
2007 Wallace & Gromit spinoff: ____ the Sheep Shaun
73%
(1976–) American Pie actor ____ William Scott Sean/Seann
71%
(1973–) Rapper and singer ____ Paul Sean/Seann
69%
(1961–) Political commentator: ____ Hannity Sean/Seann
67%
(1979–) Napster cofounder ____ Parker Sean/Seann
59%
(1965–) Boondock Saints actor ____ Patrick Flanery Sean/Seann
57%
2004 zombie comedy: ____ of the Dead Shaun
51%
(1971–) Scary Movie actor ____ Wayans Shawn
51%
(1969–) Jay-Z: ____ Carter Shawn
43%
(1965–) Wrestler "The Heartbreak Kid": ____ Michaels Shawn
37%
(1956–) "Sunny Came Home" singer ____ Colvin Shawn
37%
No matching quizzes found
Score Distribution
Percent of People with Each Score
Percentile by Number Answered
Your Score History
You have not taken this quiz